[Event "84th ESP-ch 2019"]
[Site "Marbella"]
[Date "2019.11.19"]
[Round "4.9"]
[White "Bernabeu Lopez, Carlos Javier"]
[Black "Arizmendi Martinez, Julen Luis"]
[Result "0-1"]
[WhiteElo "2366"]
[BlackElo "2517"]
[Annotator "ChessBase"]
[PlyCount "98"]
[EventDate "2019.11.16"]
[EventType "swiss"]
[EventCountry "ESP"]
[SourceTitle "playchess.com"]
[Source "ChessBase"]
[SourceQuality "1"]
[TimeControl "5400+30"]

1. d4 {[%emt 0:00:00]} d5 {[%emt 0:06:39]} 2. c4 {[%emt 0:00:00]} e6 {[%emt 0:00:11]} 3. Nf3 {[%emt 0:00:00]} Nf6 {[%emt 0:00:38]} 4. Nc3 {[%emt 0:00:00]} Bb4 {[%emt 0:04:52]} 5. Qa4+ {[%emt 0:00:01]} Nc6 {[%emt 0:00:09]} 6. e3 {[%emt 0:00:03]} O-O {[%emt 0:01:30]} 7. Qc2 {[%emt 0:01:13]} b6 {[%emt 0:04:43]} 8. a3 {[%emt 0:02:28]} Bxc3+ {[%emt 0:02:24]} 9. Qxc3 {[%emt 0:01:05]} Ba6 {[%emt 0:07:45]} 10. b4 {[%emt 0:08:05]} dxc4 {[%emt 0:01:27]} 11. Bxc4 {[%emt 0:00:19]} Ne4 {[%emt 0:00:19]} 12. Qc2 {[%emt 0:01:22]} Bxc4 {[%emt 0:00:10]} 13. Qxc4 {[%emt 0:01:58]} Qd5 {[%emt 0:00:05]} 14. Qxd5 {[%emt 0:19:11]} exd5 {[%emt 0:00:08]} 15. Bd2 {[%emt 0:00:28]} Nd6 {[%emt 0:05:23]} 16. Rc1 {[%emt 0:02:28]} Nc4 {[%emt 0:02:48]} 17. b5 {[%emt 0:00:31]} Nd8 {[%emt 0:14:41]} 18. Bb4 {[%emt 0:02:50]} Re8 {[%emt 0:00:48]} 19. Nd2 {[%emt 0:01:36]} a5 {[%emt 0:04:29]} 20. bxa6 {[%emt 0:00:32]} b5 {[%emt 0:02:52]} 21. a4 {[%emt 0:22:34]} Nc6 {[%emt 0:14:08]} 22. Bc5 {[%emt 0:04:50]} Nxd2 {[%emt 0:03:33]} 23. Kxd2 {[%emt 0:00:05]} bxa4 {[%emt 0:00:37]} 24. a7 {[%emt 0:08:40]} Nxa7 {[%emt 0:02:40]} 25. Bxa7 {[%emt 0:00:55]} Rxa7 {[%emt 0:00:03]} 26. Rc5 {[%emt 0:00:45]} Rd8 {[%emt 0:05:52]} 27. Rhc1 {[%emt 0:01:29]} Rd7 {[%emt 0:00:25]} 28. Rb1 {[%emt 0:04:44]} Kf8 {[%emt 0:00:15]} 29. Rbb5 {[%emt 0:03:23]} a3 {[%emt 0:01:10]} 30. Rb1 {[%emt 0:03:13]} Ke7 {[%emt 0:00:38]} 31. Ra1 {[%emt 0:02:55]} Rd8 {[%emt 0:00:50]} 32. Ra2 {[%emt 0:00:33]} Kd6 {[%emt 0:05:33]} 33. Rc3 {[%emt 0:00:11]} Rda8 {[%emt 0:00:32]} 34. Ke2 {[%emt 0:01:15]} Ra5 {[%emt 0:01:20]} 35. Kd2 {[%emt 0:00:43]} R8a6 {[%emt 0:01:11]} 36. h3 {[%emt 0:00:50]} Kd7 {[%emt 0:00:50]} 37. Ke2 {[%emt 0:00:32]} g5 {[%emt 0:01:08]} 38. Kd3 {[%emt 0:01:19]} f5 {[%emt 0:01:09]} 39. f3 {[%emt 0:01:29]} h5 {[%emt 0:03:26]} 40. Rb3 {[%emt 0:01:15]} h4 {[%emt 0:01:29]} 41. Rc3 {[%emt 0:02:32]} Kd6 {[%emt 0:00:17]} 42. Kd2 {[%emt 0:01:00]} Rb6 {[%emt 0:00:41]} 43. Kc2 {[%emt 0:00:52]} Rc6 {[%emt 0:00:07]} 44. Rxc6+ {[%emt 0:01:15]} Kxc6 {[%emt 0:00:02]} 45. Kb3 {[%emt 0:00:28]} Kb5 {[%emt 0:00:13]} 46. Kc3 {[%emt 0:00:31]} Ra8 {[%emt 0:01:29]} 47. Kb3 {[%emt 0:00:09]} Ra6 {[%emt 0:00:14]} 48. Kc3 {[%emt 0:00:36]} Ka4 {[%emt 0:00:33]} 49. Ra1 {[%emt 0:00:06]} Rb6 {[%emt 0:00:11]} 0-1

[Event "84th ESP-ch 2019"]
[Site "Marbella"]
[Date "2019.11.19"]
[Round "4.10"]
[White "Espinosa Aranda, Angel"]
[Black "Pazos Porta, Antonio"]
[Result "1-0"]
[WhiteElo "2511"]
[BlackElo "2345"]
[Annotator "ChessBase"]
[PlyCount "89"]
[EventDate "2019.11.16"]
[EventType "swiss"]
[EventCountry "ESP"]
[SourceTitle "playchess.com"]
[Source "ChessBase"]
[SourceQuality "1"]
[TimeControl "5400+30"]

1. d4 {[%emt 0:00:00]} Nf6 {[%emt 0:08:14]} 2. Nf3 {[%emt 0:00:09]} g6 {[%emt 0:01:08]} 3. c4 {[%emt 0:00:29]} Bg7 {[%emt 0:01:34]} 4. Nc3 {[%emt 0:00:20]} d6 {[%emt 0:02:16]} 5. e4 {[%emt 0:00:15]} Bg4 {[%emt 0:06:51]} 6. Be2 {[%emt 0:01:19]} Nfd7 {[%emt 0:03:33]} 7. Be3 {[%emt 0:00:19]} c5 {[%emt 0:05:38]} 8. d5 {[%emt 0:01:08]} a6 {[%emt 0:08:17]} 9. Qd2 {[%emt 0:06:58]} Qa5 {[%emt 0:06:58]} 10. O-O {[%emt 0:10:33]} O-O {[%emt 0:10:04]} 11. a4 {[%emt 0:11:27]} Bxf3 {[%emt 0:09:09]} 12. gxf3 {[%emt 0:01:14]} f5 {[%emt 0:17:48]} 13. Kh1 {[%emt 0:07:45]} Qb4 14. exf5 {[%emt 0:03:10]} Rxf5 {[%emt 0:05:32]} 15. f4 {[%emt 0:00:14]} Nf6 {[%emt 0:04:32]} 16. a5 {[%emt 0:08:23]} b5 {[%emt 0:01:03]} 17. cxb5 {[%emt 0:04:50]} axb5 {[%emt 0:00:12]} 18. Nxb5 {[%emt 0:00:26]} Na6 {[%emt 0:02:12]} 19. Qc2 {[%emt 0:05:13]} Nxd5 {[%emt 0:02:05]} 20. Bc4 {[%emt 0:00:22]} Rb8 {[%emt 0:00:47]} 21. Qd3 {[%emt 0:03:09]} Kh8 {[%emt 0:01:51]} 22. Bxd5 {[%emt 0:00:06]} Rxd5 {[%emt 0:00:41]} 23. Qxd5 {[%emt 0:00:05]} Qxb5 {[%emt 0:00:06]} 24. Qe4 {[%emt 0:03:20]} Nb4 {[%emt 0:00:43]} 25. Bd2 {[%emt 0:04:16]} d5 {[%emt 0:00:24]} 26. Qxe7 {[%emt 0:00:09]} Re8 {[%emt 0:00:28]} 27. Qg5 {[%emt 0:00:04]} Nc2 {[%emt 0:00:37]} 28. Qxd5 {[%emt 0:04:58]} Nxa1 {[%emt 0:00:23]} 29. Rxa1 {[%emt 0:00:03]} Bxb2 {[%emt 0:00:49]} 30. Rb1 {[%emt 0:00:41]} Qa6 {[%emt 0:00:29]} 31. Be3 {[%emt 0:05:36]} Bg7 {[%emt 0:00:33]} 32. Qxc5 {[%emt 0:00:32]} Qd3 {[%emt 0:00:22]} 33. Qb5 {[%emt 0:00:42]} Qe4+ {[%emt 0:00:23]} 34. Kg1 {[%emt 0:00:05]} g5 {[%emt 0:00:28]} 35. Rb4 {[%emt 0:01:02]} Qe6 {[%emt 0:00:46]} 36. f5 {[%emt 0:00:20]} Qe7 {[%emt 0:00:31]} 37. a6 {[%emt 0:00:13]} Bc3 {[%emt 0:00:30]} 38. Ra4 {[%emt 0:01:10]} Rd8 {[%emt 0:00:32]} 39. a7 {[%emt 0:00:46]} Qf8 {[%emt 0:00:18]} 40. Qc6 {[%emt 0:00:36]} Qxf5 {[%emt 0:00:41]} 41. Qxc3+ {[%emt 0:00:08]} Kg8 {[%emt 0:00:29]} 42. Qc4+ {[%emt 0:00:52]} Kg7 {[%emt 0:00:20]} 43. Qc7+ {[%emt 0:00:38]} Rd7 {[%emt 0:00:41]} 44. Qxd7+ {[%emt 0:00:25]} Qxd7 {[%emt 0:00:31]} 45. a8=Q {[%emt 0:00:23]} 1-0

[Event "84th ESP-ch 2019"]
[Site "Marbella"]
[Date "2019.11.19"]
[Round "4.11"]
[White "Asis Gargatagli, Hipolito"]
[Black "Mingarro Carceller, Sergi"]
[Result "1-0"]
[WhiteElo "2497"]
[BlackElo "2329"]
[Annotator "ChessBase"]
[PlyCount "85"]
[EventDate "2019.11.16"]
[EventType "swiss"]
[EventCountry "ESP"]
[SourceTitle "playchess.com"]
[Source "ChessBase"]
[SourceQuality "1"]
[TimeControl "5400+30"]

1. e4 {[%emt 0:00:00]} c5 {[%emt 0:00:00]} 2. Nf3 {[%emt 0:00:00]} d6 {[%emt 0:00:00]} 3. d4 {[%emt 0:00:00]} cxd4 {[%emt 0:00:03]} 4. Qxd4 {[%emt 0:00:00]} a6 {[%emt 0:02:31]} 5. Be2 {[%emt 0:00:31]} Nc6 {[%emt 0:00:26]} 6. Qe3 {[%emt 0:00:12]} g6 {[%emt 0:03:22]} 7. O-O {[%emt 0:00:31]} Bg7 {[%emt 0:00:20]} 8. h3 {[%emt 0:02:55]} Nf6 {[%emt 0:01:07]} 9. c4 {[%emt 0:01:06]} O-O {[%emt 0:00:49]} 10. Rd1 {[%emt 0:01:57]} Nd7 {[%emt 0:02:45]} 11. Nc3 {[%emt 0:00:41]} Nc5 {[%emt 0:01:27]} 12. Bd2 {[%emt 0:02:51]} e5 {[%emt 0:08:47]} 13. Be1 {[%emt 0:16:47]} f5 {[%emt 0:11:58]} 14. Rac1 {[%emt 0:29:19]} f4 {[%emt 0:14:19]} 15. Qd2 {[%emt 0:00:06]} Nd4 {[%emt 0:00:13]} 16. Nxd4 {[%emt 0:07:27]} exd4 {[%emt 0:01:38]} 17. Nd5 {[%emt 0:00:06]} Nxe4 {[%emt 0:02:11]} 18. Qa5 {[%emt 0:00:05]} Bd7 {[%emt 0:17:33]} 19. Nb6 {[%emt 0:04:52]} Rf5 {[%emt 0:02:52]} 20. c5 {[%emt 0:00:10]} Rb8 {[%emt 0:13:23]} 21. Nxd7 {[%emt 0:07:47]} Qxd7 {[%emt 0:00:07]} 22. Bg4 {[%emt 0:00:06]} dxc5 {[%emt 0:01:14]} 23. Bxf5 {[%emt 0:11:18]} gxf5 {[%emt 0:02:26]} 24. f3 {[%emt 0:00:58]} b6 {[%emt 0:00:25]} 25. Qxa6 {[%emt 0:00:08]} Nd6 {[%emt 0:00:06]} 26. b4 {[%emt 0:02:39]} c4 {[%emt 0:01:42]} 27. Bf2 {[%emt 0:03:34]} Qe6 {[%emt 0:06:20]} 28. Qa7 {[%emt 0:01:11]} Rb7 {[%emt 0:00:13]} 29. Qa8+ {[%emt 0:00:10]} Kf7 {[%emt 0:00:03]} 30. Rxd4 {[%emt 0:01:57]} Bxd4 {[%emt 0:02:32]} 31. Bxd4 {[%emt 0:00:05]} Rd7 {[%emt 0:00:14]} 32. Qh8 {[%emt 0:01:48]} Kg6 {[%emt 0:02:24]} 33. a4 {[%emt 0:00:43]} Qd5 {[%emt 0:02:00]} 34. Qf6+ {[%emt 0:01:41]} Kh5 {[%emt 0:00:02]} 35. Bf2 {[%emt 0:00:09]} Rf7 {[%emt 0:01:22]} 36. Qh4+ {[%emt 0:00:06]} Kg6 {[%emt 0:00:04]} 37. Qxf4 {[%emt 0:00:08]} Re7 {[%emt 0:00:39]} 38. Bxb6 {[%emt 0:02:35]} Re2 {[%emt 0:00:37]} 39. Bc5 {[%emt 0:00:38]} Nf7 {[%emt 0:00:15]} 40. Qd4 {[%emt 0:01:33]} Qe6 {[%emt 0:00:32]} 41. Qxc4 {[%emt 0:00:30]} Qe8 {[%emt 0:00:34]} 42. Bf2 {[%emt 0:00:43]} Ng5 {[%emt 0:00:23]} 43. Qc6+ {[%emt 0:00:07]} 1-0

[Event "84th ESP-ch 2019"]
[Site "Marbella"]
[Date "2019.11.19"]
[Round "4.12"]
[White "Alsina Leal, Daniel"]
[Black "Calzetta Ruiz, Monica"]
[Result "0-1"]
[WhiteElo "2467"]
[BlackElo "2251"]
[Annotator "ChessBase"]
[PlyCount "136"]
[EventDate "2019.11.16"]
[EventType "swiss"]
[EventCountry "ESP"]
[SourceTitle "playchess.com"]
[Source "ChessBase"]
[SourceQuality "1"]
[TimeControl "5400+30"]

1. e4 c5 {[%emt 0:02:52]} 2. Nf3 {[%emt 0:00:00]} d6 {[%emt 0:00:13]} 3. d4 {[%emt 0:00:00]} cxd4 {[%emt 0:00:05]} 4. Nxd4 {[%emt 0:00:00]} Nf6 {[%emt 0:00:08]} 5. Nc3 {[%emt 0:00:00]} g6 {[%emt 0:00:06]} 6. Be3 {[%emt 0:00:08]} Bg7 {[%emt 0:00:11]} 7. f3 {[%emt 0:00:05]} O-O {[%emt 0:00:46]} 8. Qd2 {[%emt 0:00:06]} Nc6 {[%emt 0:00:06]} 9. O-O-O {[%emt 0:00:17]} d5 {[%emt 0:00:20]} 10. Nxc6 {[%emt 0:00:17]} bxc6 {[%emt 0:00:09]} 11. Bh6 {[%emt 0:00:08]} Be6 {[%emt 0:06:29]} 12. exd5 {[%emt 0:03:40]} cxd5 {[%emt 0:01:44]} 13. Bxg7 {[%emt 0:09:02]} Kxg7 {[%emt 0:00:21]} 14. g4 {[%emt 0:00:29]} Qa5 {[%emt 0:43:09]} 15. g5 {[%emt 0:08:52]} Nh5 {[%emt 0:00:20]} 16. Qd4+ {[%emt 0:05:40]} Kg8 {[%emt 0:00:08]} 17. Nxd5 {[%emt 0:02:43]} Rfd8 {[%emt 0:00:14]} 18. Bc4 {[%emt 0:48:44]} Bxd5 {[%emt 0:01:13]} 19. Bxd5 {[%emt 0:00:06]} e6 {[%emt 0:02:15]} 20. Bxa8 {[%emt 0:00:29]} Rxd4 {[%emt 0:00:08]} 21. Rxd4 {[%emt 0:00:03]} Qxa2 {[%emt 0:02:16]} 22. Rhd1 {[%emt 0:00:41]} Qa1+ {[%emt 0:01:53]} 23. Kd2 {[%emt 0:00:04]} Qxb2 {[%emt 0:00:11]} 24. Rd8+ {[%emt 0:01:41]} Kg7 {[%emt 0:00:06]} 25. Be4 {[%emt 0:01:03]} Nf4 {[%emt 0:06:18]} 26. Rd7 {[%emt 0:04:13]} a5 {[%emt 0:01:33]} 27. Ke3 {[%emt 0:04:06]} Qe5 {[%emt 0:02:00]} 28. c4 {[%emt 0:03:51]} Qxg5 {[%emt 0:10:50]} 29. Kd4 {[%emt 0:00:29]} Ne2+ {[%emt 0:04:46]} 30. Kd3 {[%emt 0:00:12]} Nf4+ {[%emt 0:01:22]} 31. Kd4 {[%emt 0:00:04]} Qf6+ {[%emt 0:05:58]} 32. Kc5 {[%emt 0:00:26]} Qc3 {[%emt 0:01:28]} 33. Rb1 {[%emt 0:05:35]} Qa3+ {[%emt 0:01:46]} 34. Kc6 {[%emt 0:00:32]} Qa4+ {[%emt 0:00:04]} 35. Kd6 {[%emt 0:00:22]} Qxc4 {[%emt 0:00:16]} 36. Rbb7 {[%emt 0:00:19]} Qd4+ {[%emt 0:02:11]} 37. Kc6 {[%emt 0:00:54]} Qf6 {[%emt 0:00:59]} 38. Kb5 {[%emt 0:00:21]} Nh3 {[%emt 0:00:55]} 39. Kxa5 {[%emt 0:00:51]} Ng5 {[%emt 0:00:17]} 40. Kb4 {[%emt 0:01:13]} h5 {[%emt 0:01:08]} 41. h4 {[%emt 0:00:17]} Nxe4 {[%emt 0:00:39]} 42. fxe4 {[%emt 0:00:08]} Qxh4 {[%emt 0:01:50]} 43. Rxf7+ {[%emt 0:00:18]} Kh6 {[%emt 0:00:02]} 44. Rh7+ {[%emt 0:00:34]} Kg5 {[%emt 0:00:02]} 45. Rb5+ {[%emt 0:00:08]} Kf4 {[%emt 0:00:08]} 46. e5 {[%emt 0:02:06]} Qe1+ {[%emt 0:00:03]} 47. Kb3 {[%emt 0:00:42]} g5 {[%emt 0:01:41]} 48. Rh6 {[%emt 0:00:38]} Qd1+ {[%emt 0:00:29]} 49. Kb4 {[%emt 0:00:42]} Qd4+ {[%emt 0:00:45]} 50. Ka3 {[%emt 0:00:51]} Qc3+ {[%emt 0:00:17]} 51. Ka4 {[%emt 0:00:12]} h4 {[%emt 0:00:35]} 52. Rxe6 {[%emt 0:00:45]} h3 {[%emt 0:00:44]} 53. Rf6+ {[%emt 0:00:28]} Kg4 {[%emt 0:00:16]} 54. Rh6 {[%emt 0:00:27]} Qc2+ {[%emt 0:00:28]} 55. Ka3 {[%emt 0:00:49]} h2 {[%emt 0:00:34]} 56. Rb2 {[%emt 0:00:34]} Qc3+ {[%emt 0:00:25]} 57. Ka2 {[%emt 0:00:18]} Qa5+ {[%emt 0:00:22]} 58. Kb3 {[%emt 0:00:32]} Qb5+ {[%emt 0:00:11]} 59. Ka3 {[%emt 0:00:36]} Qc5+ {[%emt 0:00:16]} 60. Rb4+ {[%emt 0:00:36]} Kg3 {[%emt 0:00:14]} 61. Ka4 {[%emt 0:00:25]} h1=Q {[%emt 0:00:22]} 62. Rxh1 {[%emt 0:00:35]} Qc6+ {[%emt 0:00:02]} 63. Rb5 {[%emt 0:00:16]} Qxh1 {[%emt 0:00:06]} 64. e6 {[%emt 0:00:45]} g4 {[%emt 0:00:18]} 65. Rb6 {[%emt 0:00:27]} Qe4+ {[%emt 0:00:37]} 66. Kb5 {[%emt 0:00:15]} Qe5+ {[%emt 0:00:11]} 67. Ka6 {[%emt 0:00:31]} Kh2 {[%emt 0:00:14]} 68. Kb7 {[%emt 0:00:21]} g3 {[%emt 0:00:31]} 0-1

[Event "84th ESP-ch 2019"]
[Site "Marbella"]
[Date "2019.11.19"]
[Round "4.13"]
[White "Alvarez Fernandez, Enrique"]
[Black "Diaz Camallonga, Carles"]
[Result "1/2-1/2"]
[WhiteElo "2349"]
[BlackElo "2465"]
[Annotator "ChessBase"]
[PlyCount "79"]
[EventDate "2019.11.16"]
[EventType "swiss"]
[EventCountry "ESP"]
[SourceTitle "playchess.com"]
[Source "ChessBase"]
[SourceQuality "1"]
[TimeControl "5400+30"]

1. d4 {[%emt 0:00:11]} e6 {[%emt 0:00:00]} 2. e4 {[%emt 0:00:11]} d5 {[%emt 0:00:00]} 3. Nd2 {[%emt 0:00:14]} c5 {[%emt 0:00:40]} 4. exd5 {[%emt 0:00:42]} Qxd5 {[%emt 0:01:11]} 5. Ngf3 {[%emt 0:00:16]} cxd4 {[%emt 0:00:04]} 6. Bc4 {[%emt 0:00:16]} Qd6 {[%emt 0:00:05]} 7. O-O {[%emt 0:00:26]} Nf6 {[%emt 0:00:03]} 8. Nb3 {[%emt 0:00:22]} Nc6 {[%emt 0:00:03]} 9. Nbxd4 {[%emt 0:00:21]} Nxd4 {[%emt 0:00:08]} 10. Qxd4 {[%emt 0:00:07]} Qxd4 {[%emt 0:00:05]} 11. Nxd4 {[%emt 0:00:09]} Bd7 {[%emt 0:00:01]} 12. Rd1 {[%emt 0:00:27]} Rc8 {[%emt 0:01:22]} 13. Be2 {[%emt 0:00:55]} Bc5 {[%emt 0:01:28]} 14. c3 {[%emt 0:02:00]} e5 {[%emt 0:18:24]} 15. Nb3 {[%emt 0:08:56]} Bb6 {[%emt 0:00:17]} 16. Bf3 {[%emt 0:04:01]} Bc6 {[%emt 0:01:37]} 17. Re1 {[%emt 0:04:53]} Nd7 {[%emt 0:10:38]} 18. Bxc6 {[%emt 0:10:16]} Rxc6 {[%emt 0:00:03]} 19. Nd4 {[%emt 0:02:15]} Bxd4 {[%emt 0:29:41]} 20. cxd4 {[%emt 0:00:05]} f6 {[%emt 0:00:05]} 21. dxe5 {[%emt 0:09:11]} fxe5 {[%emt 0:00:13]} 22. Bd2 {[%emt 0:00:42]} Kd8 {[%emt 0:09:07]} 23. Bc3 {[%emt 0:02:04]} Re8 {[%emt 0:00:04]} 24. Re4 {[%emt 0:05:31]} Ree6 {[%emt 0:10:35]} 25. Rae1 {[%emt 0:04:37]} Ke7 {[%emt 0:00:28]} 26. f3 {[%emt 0:03:39]} Kf7 {[%emt 0:01:42]} 27. Kf1 {[%emt 0:04:17]} Rc5 {[%emt 0:01:55]} 28. R1e3 {[%emt 0:13:08]} g5 {[%emt 0:01:52]} 29. h4 {[%emt 0:03:07]} h6 {[%emt 0:00:43]} 30. hxg5 {[%emt 0:00:13]} hxg5 {[%emt 0:00:03]} 31. Kf2 {[%emt 0:07:31]} a6 {[%emt 0:00:19]} 32. Rd3 {[%emt 0:03:56]} Nf6 {[%emt 0:00:14]} 33. Re1 {[%emt 0:02:54]} e4 {[%emt 0:05:31]} 34. Rde3 {[%emt 0:01:33]} Nd5 {[%emt 0:00:08]} 35. Rxe4 {[%emt 0:00:09]} Rxe4 {[%emt 0:00:04]} 36. Rxe4 {[%emt 0:00:07]} Nxc3 {[%emt 0:00:03]} 37. bxc3 {[%emt 0:00:06]} Rxc3 {[%emt 0:00:02]} 38. Rb4 {[%emt 0:02:25]} Rc2+ {[%emt 0:00:40]} 39. Kg3 {[%emt 0:00:17]} Rxa2 {[%emt 0:00:04]} 40. Rxb7+ {[%emt 0:00:07]} 1/2-1/2

[Event "84th ESP-ch 2019"]
[Site "Marbella"]
[Date "2019.11.19"]
[Round "4.14"]
[White "Martin Hernandez, Ruben"]
[Black "Gines Esteo, Pedro Antonio"]
[Result "0-1"]
[WhiteElo "2206"]
[BlackElo "2463"]
[Annotator "ChessBase"]
[PlyCount "104"]
[EventDate "2019.11.16"]
[EventType "swiss"]
[EventCountry "ESP"]
[SourceTitle "playchess.com"]
[Source "ChessBase"]
[SourceQuality "1"]
[TimeControl "5400+30"]

1. Nf3 {[%emt 0:01:51]} d5 {[%emt 0:00:34]} 2. c4 {[%emt 0:01:02]} c6 {[%emt 0:00:58]} 3. e3 {[%emt 0:03:45]} Nf6 {[%emt 0:00:43]} 4. b3 {[%emt 0:02:22]} Bg4 {[%emt 0:01:44]} 5. Bb2 {[%emt 0:00:48]} Nbd7 {[%emt 0:00:18]} 6. Be2 {[%emt 0:01:49]} Bxf3 {[%emt 0:00:31]} 7. gxf3 {[%emt 0:01:00]} e5 {[%emt 0:02:04]} 8. Rg1 {[%emt 0:12:17]} d4 {[%emt 0:07:33]} 9. exd4 {[%emt 0:02:07]} exd4 {[%emt 0:00:09]} 10. Bxd4 {[%emt 0:00:22]} Nc5 {[%emt 0:14:03]} 11. Be3 {[%emt 0:03:39]} Ne6 {[%emt 0:01:23]} 12. Nc3 {[%emt 0:02:38]} Qa5 {[%emt 0:15:07]} 13. Qc2 {[%emt 0:11:45]} Ba3 {[%emt 0:03:28]} 14. c5 {[%emt 0:12:19]} Bxc5 {[%emt 0:10:00]} 15. Qf5 {[%emt 0:00:19]} Bb4 {[%emt 0:03:29]} 16. Qxa5 {[%emt 0:01:20]} Bxa5 {[%emt 0:00:30]} 17. Bc4 {[%emt 0:04:06]} O-O {[%emt 0:05:42]} 18. Ne4 {[%emt 0:02:00]} Nd5 {[%emt 0:07:31]} 19. Bxd5 {[%emt 0:03:02]} cxd5 {[%emt 0:00:04]} 20. Nf6+ {[%emt 0:00:09]} Kh8 {[%emt 0:00:05]} 21. Nxd5 {[%emt 0:00:06]} Rfd8 {[%emt 0:00:17]} 22. b4 {[%emt 0:03:54]} Rxd5 {[%emt 0:00:32]} 23. bxa5 {[%emt 0:00:03]} Rxa5 {[%emt 0:00:09]} 24. Ke2 {[%emt 0:01:21]} g6 {[%emt 0:01:28]} 25. Rgc1 {[%emt 0:01:41]} Kg7 {[%emt 0:01:57]} 26. a4 {[%emt 0:00:17]} Rd8 {[%emt 0:02:50]} 27. Rab1 {[%emt 0:02:52]} b6 {[%emt 0:00:44]} 28. Rb4 {[%emt 0:00:03]} Re5 {[%emt 0:03:01]} 29. Kf1 {[%emt 0:02:00]} Rd3 {[%emt 0:01:54]} 30. Rc3 {[%emt 0:02:08]} Rdd5 {[%emt 0:00:58]} 31. Rc8 {[%emt 0:01:46]} Rd3 {[%emt 0:03:14]} 32. Rc3 {[%emt 0:01:52]} Rd7 {[%emt 0:00:05]} 33. Rc8 {[%emt 0:01:37]} Ra5 {[%emt 0:00:06]} 34. Ke2 {[%emt 0:01:14]} Re7 {[%emt 0:01:13]} 35. Kf1 {[%emt 0:02:09]} Rf5 {[%emt 0:00:28]} 36. Kg2 {[%emt 0:00:35]} Rd7 {[%emt 0:00:06]} 37. Ra8 {[%emt 0:03:22]} Ra5 {[%emt 0:00:28]} 38. Rc8 {[%emt 0:02:33]} Rd3 {[%emt 0:04:54]} 39. Rc3 {[%emt 0:00:56]} Rxc3 {[%emt 0:00:26]} 40. dxc3 {[%emt 0:00:07]} Nc5 {[%emt 0:00:02]} 41. Rb5 {[%emt 0:03:03]} Nxa4 {[%emt 0:01:42]} 42. Rxa5 bxa5 43. Bxa7 {[%emt 0:00:49]} Nb2 {[%emt 0:00:47]} 44. Bd4+ {[%emt 0:03:00]} f6 {[%emt 0:00:39]} 45. c4 {[%emt 0:00:05]} Nxc4 {[%emt 0:00:03]} 46. f4 {[%emt 0:00:15]} Kf7 {[%emt 0:00:40]} 47. Kf3 {[%emt 0:02:17]} Ke6 {[%emt 0:00:08]} 48. Ke4 {[%emt 0:01:25]} Nd6+ {[%emt 0:00:26]} 49. Kd3 {[%emt 0:01:02]} Kf5 {[%emt 0:01:25]} 50. h3 {[%emt 0:00:16]} h5 {[%emt 0:00:16]} 51. Kc2 {[%emt 0:00:42]} Nb5 {[%emt 0:00:50]} 52. Ba1 {[%emt 0:00:29]} Nc7 {[%emt 0:00:30]} 0-1